Infancia y educación artística /
Guardado en:
| Autor Principal: | |
|---|---|
| Otros Autores: | |
| Formato: | Libro |
| Publicado: |
Madrid :
Morata,
1991
|
| Series: | Colección Pedagogía. Educación infantil y primaria
|
| Materias: | |
| Etiquetas: |
Agregar Etiqueta
Sin Etiquetas, Sea el primero en etiquetar este registro!
|
| LEADER | 01547nam a22002775a 4500 | ||
|---|---|---|---|
| 001 | CEM.cems009632 | ||
| 005 | 20080725120715.0 | ||
| 008 | 130507s1991##################000#0#####d | ||
| 003 | CEMS | ||
| 020 | |a 847112355X | ||
| 082 | 0 | 4 | |a 372.21 |
| 100 | 1 | |a Hargreaves, David J. | |
| 245 | 1 | 0 | |a Infancia y educación artística / |c David J. Hargreaves ; traducido Por Pablo Manzano |
| 260 | |a Madrid : |b Morata, |c 1991 | ||
| 300 | |a 199 p. | ||
| 490 | 0 | |a Colección Pedagogía. Educación infantil y primaria | |
| 500 | |a Red Federal de Formación Docente Continua | ||
| 505 | 0 | |a Fundamento teórico -- La psicología evolutiva y las artes / J. Hargreaves -- El aprendizaje artístico como conversación / D. Palmer Wolf -- Los diversos campos artísticos -- Los dibujos de los niños / M. V. Cox -- Educación y desarrollo musicales desde un punto de vista cognitivo / L. Davidson y L. Scripp -- Los niños como escritores / H. Cowie -- La escultura: el desarrollo de los conceptos figurativos en un medio tridimensional / C. Golomb -- El arte dramático / G. Bolton -- Los niños y las artes en la educación -- La psicología evolutiva y la educación artística / D. J. Hargreaves, M. J. Galton y S. Robinson | |
| 653 | |a Educación | ||
| 653 | |a Didáctica nivel inicial | ||
| 653 | |a Educación preescolar | ||
| 653 | |a Niño y arte | ||
| 653 | |a Educación artística | ||
| 700 | 1 | |a Manzano, Pablo, trad. | |
| 859 | |a CEMS |b BIB. CEMS - 11 de abril |h 372.21 |i H224 |p 19817.98 |t Ej.1 | ||
| 859 | |a CEMS |b BIB. CEMS - 11 de abril |h 372.21 |i H224 |p 19818.98 |t Ej.2 | ||
